000
00287nam a2200109Ia 4500
008
191206s9999 xx 000 0 und d
020
_a
0520407x
090
_a
HX39.5A853
245
4
_a
The social and political thought of Karl Marx
260
_a
Cambridge University Press
260
_c
c1968
999
_c
17142
_d
17142